Loading...
Heat exchangers: selection, rating and thermal design /
| Other Authors: | |
|---|---|
| Format: | Printed Book |
| Published: |
Florida:
CRC,
2002.
|
| Subjects: |
| LEADER | 00518cam a2200157ua 4500 | ||
|---|---|---|---|
| 008 | 100603t2002||||||||||| 00 ||||| c | ||
| 082 | |a 621.402 5 |b KAK/h | ||
| 245 | 1 | 0 | |a Heat exchangers: selection, rating and thermal design / |
| 260 | |a Florida: |b CRC, |c 2002. | ||
| 300 | |a 501p.. | ||
| 362 | 1 | |a 2002. | |
| 650 | 0 | |a Heat exchangers | |
| 700 | 0 | 2 | |a Kakac,, Sadik |
| 942 | |c REF | ||
| 999 | |c 22112 |d 22112 | ||
| 952 | |0 0 |1 0 |4 0 |6 621_402000000000000_5_KAK |7 0 |9 23437 |a KUCL |b KUCL |d 2014-05-23 |l 0 |o 621.402 5 KAK/ |p 22607 |r 2017-03-09 |w 2014-05-23 |y REF | ||